000 00692nam a2200265Ia 4500
005 20260121165625.0
008 008 260114s9999 xx 000 0 eng d
020 _a9783319466811
037 _aEBOOK
040 _aCRL
040 _beng
040 _cCRL
041 _2eng
041 _aeng
084 _qCRL
100 _aAkira Hirose, Seiichi Ozawa, Kenji Doya, Kazushi Ikeda, Minho Lee, Derong Liu
_91054030
245 0 _aNeural Information Processing
260 _bSpringer
260 _bSpringer
260 _c2016
856 _uhttps://link.springer.com/openurl?genre=book&isbn=978-3-319-46681-1
942 _cEBOOK
999 _c1619756
_d1619756